000
00456nam a2200145Ia 4500
008
090122s9999 xx 000 0 und d
082
_b
8908
_a
521.1
100
_a
तुपे
_b
प्रकाश
245
_a
छंद आकाश दर्शनाचा
600
_a
तुपे
630
_a
छंद आकाश दर्शनाचा
700
_a
तुपे
730
_a
छंद आकाश दर्शनाचा
942
_c
BOOK
999
_c
32985
_d
32985